HUMAN ANATOMY-II (Record no. 827)

MARC details
000 -LEADER
fixed length control field 00309nam a2200133Ia 4500
008 - FIXED-LENGTH DATA ELEMENTS--GENERAL INFORMATION
fixed length control field 150201s2008 xx 000 0 und d
082 ## - DEWEY DECIMAL CLASSIFICATION NUMBER
Classification number 611
Item number H08H
100 ## - MAIN ENTRY--PERSONAL NAME
Personal name HALIM,A
245 ## - TITLE STATEMENT
Title HUMAN ANATOMY-II
250 ## - EDITION STATEMENT
Edition statement 1ST
260 ## - PUBLICATION, DISTRIBUTION, ETC. (IMPRINT)
Name of publisher, distributor, etc. I.K. INTERNATIONAL
Place of publication, distribution, etc. DELHI
Date of publication, distribution, etc. 2008
650 ## - SUBJECT ADDED ENTRY--TOPICAL TERM
Topical term or geographic name as entry element HUMAN ANATOMY
942 ## - ADDED ENTRY ELEMENTS (KOHA)
Source of classification or shelving scheme Dewey Decimal Classification
Koha item type Books
Holdings
Withdrawn status Lost status Source of classification or shelving scheme Damaged status Not for loan Collection code Home library Current library Shelving location Date acquired Source of acquisition Cost, normal purchase price Serial Enumeration / chronology SGTU Bill Number Total Checkouts Full call number Barcode Date last seen Date last checked out Bill Date Koha item type
    Dewey Decimal Classification     MEDICAL SGT Medical Library SGT Medical Library Text Book 26/02/2010 U.B.S. DELHI 350.00 II SGTU 993 1 611 H08H FM3404 16/11/2019 09/11/2019 26/02/2010 Books
    Dewey Decimal Classification     MEDICAL SGT Medical Library SGT Medical Library Text Book 26/02/2010 U.B.S. DELHI 350.00 II SGTU 993   611 H08H FM3405 09/02/2015   26/02/2010 Books
    Dewey Decimal Classification     MEDICAL SGT Medical Library SGT Medical Library Text Book 26/02/2010 U.B.S. DELHI 350.00 II SGTU 993   611 H08H FM3406 09/02/2015   26/02/2010 Books